Normal view
MARC view
- Patankar, Manoj S.
Entry Personal Name
001 - CONTROL NUMBER
- control field: 9013
003 - CONTROL NUMBER IDENTIFIER
- control field: NUST
005 - DATE AND TIME OF LATEST TRANSACTION
- control field: 20180118200445.0
008 - FIXED-LENGTH DATA ELEMENTS
- fixed length control field: 180118|| aca||aabn | a|a d
040 ## - CATALOGING SOURCE
- Original cataloging agency: NUST
- Transcribing agency: NUST
100 ## - HEADING--PERSONAL NAME
- Personal name: Patankar, Manoj S.
670 ## - SOURCE DATA FOUND
- Source citation: Work cat.: (NUST)291129: Patankar, Manoj S. Taylor, JAmes C., Applied human factors in aviation maintenance, 2004
